000 00557nam a22001937a 4500
999 _c7841
_d7841
003 OSt
005 20220321152933.0
008 220321b ||||| |||| 00| 0 eng d
020 _a0521287693
040 _cddc
082 _a519 WET 1993
100 _aWeintraub, E. Roy
_915948
245 _aMathematics for economists :
_b an integrated approach
260 _a New York :
_bCambridge University Press;
_c1982
300 _axi, 180 p. :
_b ill. ;
_c24 cm
504 _aIncludes index.
650 _aEconomics, Mathematical.
_914185
942 _2ddc
_cO_SHELF